| 000 | 00511nam a2200181Ia 4500 | ||
|---|---|---|---|
| 005 | 20250423101024.0 | ||
| 008 | 250422s9999 xx 000 0 und d | ||
| 020 | _a9789789562374 | ||
| 050 | _aHF 5415.123 .C48/ | ||
| 100 | _aChukwu, Innocent C. | ||
| 245 | 0 | _aStrategic marketing and customer relations: holistic marketing techniques for 21st century | |
| 260 | _aLagos | ||
| 260 | _bDynotech Nigeria Ltd. | ||
| 260 | _c2016 | ||
| 300 | _a324 p | ||
| 650 | _aMarketing Customer Relations | ||
| 942 | _cBK | ||
| 999 |
_c35045 _d35045 |
||